Autobiografía y dialogismo el género literario y el río novelas de caballería
Guardado en:
| 主要作者: | |
|---|---|
| 格式: | 未知 |
| 語言: | Spanish |
| 出版: |
San José, Costa Rica
Editorial de la Universidad de Costa Rica
2004
|
| 叢編: | Colección Identidad Cultural
|
| 主題: | |
| 標簽: |
添加標簽
沒有標簽, 成為第一個標記此記錄!
|
MARC
| LEADER | 000000000a22000000004500 | ||
|---|---|---|---|
| 001 | 001914 | ||
| 003 | CIICLA | ||
| 005 | 20140129170948.0 | ||
| 007 | ta | ||
| 008 | 140129t2004 cr |||f |||| 01| f spa d | ||
| 040 | |c cru CIICLA Universidad de Costa Rica | ||
| 041 | 0 | |a español | |
| 092 | 0 | |a 809.935.92 R696a Colección Identidad Cultural | |
| 100 | 1 | |a Rodríguez Cascante, Francisco Alberto | |
| 245 | 1 | 0 | |a Autobiografía y dialogismo |b el género literario y el río novelas de caballería |c Francisco Alberto Rodríguez Cascante |
| 260 | |a San José, Costa Rica |b Editorial de la Universidad de Costa Rica |c 2004 | ||
| 300 | |a xxxii, 272 páginas | ||
| 490 | 0 | |a Colección Identidad Cultural | |
| 500 | |a La biblioteca contiene otro ejemplar con número de inscripcion 14002, en colección general y 05624 C.Identidad Cultural | ||
| 600 | 4 | |a CARDOZA Y ARAGON, LUIS, 1904-1992. EL RIO: NOVELAS DE CABALLERIA | |
| 942 | |2 ddc |c BK | ||
| 999 | |c 2802 |d 2802 | ||
